00483nam a2200157 a 4500003000500000005001700005008004100022020001800063050002400081100002000105245007900125260005100204300002400255500002000279650002600299PILC20160218142008.0111201s19uu xx 00 eng d a9780521617819 aBL 65.P7b.H36 2006 aHanson, Eric O. aReligion and politics in the international system today /cEric O. Hanson. aNew York :bCambridge University Press,c2006. a345 pages ;c23 cm. aIncludes index. aReligion and politics